| 000 | 003530000a22001450004500 | ||
|---|---|---|---|
| 003 | MACL | ||
| 040 | _aMACL | ||
| 090 |
_c33132 _d33130 |
||
| 100 | _aKhanna, Sharma | ||
| 245 | _aNDA/NA National Defence Academy Naval Acadamy Examination | ||
| 260 |
_bKumar Publications _c2002 |
||
| 350 | _a190 | ||
| 650 | _aMilitery Science | ||
| 942 |
_cBOOK _k355.6/SHA |
||
| 999 |
_c32790 _d32790 |
||